00237nam a2200073Ia 4500008004100000082001500041100001400056245009300070240331s9999 xx 000 0 und d a294.5bTAN aTanaka, M 0aPatros,devotees and goddesses :britual and power among the tamil fisherman of Sri lanka